000 00610nam a2200241Ia 4500
003 OSt
005 20220918205024.0
006 a|||||r|||| 00| 0
007 ta
008 220917b |||||||| |||| 00| 0 eng d
024 _a115,087
037 _cTextual
040 _aARTS
_cARTS
_beng
041 _2eng
_aeng
082 _aV58:594.N7, M2
100 _aSuvorov V
_9113931
245 0 _aInside the Soviet army
260 _aLondon
_bHamish
_c1982
300 _aviii, 298p.
_ccm.
650 _aHISTORY
942 _hV58:594.N7, M2
_cTEXL
_2CC
999 _c238417
_d238417